Ultimate Jurassic Park Character Quiz - Statistics

General Stats
  • This quiz has been taken 249 times
    218 since last reset
  • The average score is 28 of 102
Answer Stats
Movie Hint Answer % Correct
Jurassic Park, Jurassic Park III Paleontologist. Alan Grant
97%
Jurassic Park, The Lost World, Fallen Kingdom Mathematician. Ian Malcolm
97%
Jurassic Park, The Lost World Owner of Jurassic Park. John Hammond
95%
Jurassic Park, Jurassic Park III Paleobotanist. Ellie Sattler
94%
Jurassic Park, Jurassic World, Fallen Kingdom Chief Geneticist of Jurassic Park And World. Henry Wu
86%
Jurassic Park, The Lost World Grandson of the Owner. Tim Murphy
85%
Jurassic Park, The Lost World Granddaughter of the Owner. Lex Murphy
84%
Jurassic Park Warden. Robert Muldoon
78%
Jurassic World, Fallen Kingdom Raptor trainer. Owen Grady
76%
Jurassic Park Evil Park Employee. Dennis Nedry
74%
The Lost World Mathematicians girlfriend. Sarah Harding
68%
Jurassic World, Fallen Kingdom Park employee. Claire Dearing
65%
Jurassic Park Lawyer. Donald Gennaro
61%
Jurassic Park Park Employee. Ray Arnold
54%
Jurassic Park III His son. Eric Kirby
51%
Jurassic World Young visitor. Gray Mitchell
51%
Jurassic World Moasasaurus announcer. Sarah
51%
The Lost World Man going with Mathematician. Nick Van Owen
49%
Jurassic Park III Man who lost his son. Paul Kirby
47%
Jurassic World Young visitor. Zach Mitchell
47%
Jurassic Park Digger. Billy
46%
Jurassic Park III Paleontologist trainee. Billy Brennan
46%
The Lost World Man going with Mathematician Eddie Carr
46%
The Lost World Mathematicians daughter. Kelly Curtis Malcom
45%
Jurassic Park III His divorced wife. Amanda Kirby
44%
Jurassic Park III Her boyfriend. Ben Hildebrand
44%
The Lost World Boy who sees T-Rex. Benjamin
44%
Jurassic World Park owner. Simon Masrani
44%
Jurassic Park Biosyn Owner. Lewis Dodgson
43%
Jurassic World Paddock supervisor. Nick
43%
The Lost World Leader of InGen Expedition to Isla Sorna. Peter Ludlow
42%
Jurassic Park III Hired man. Cooper
39%
Jurassic World ACU. Cooper
39%
Jurassic Park III Hired man. Udesky
39%
Jurassic World InGen leader. Vic Hoskins
39%
Jurassic World Assistant of the above. Zara Young
37%
Jurassic World Raptor handler. Barry
36%
Jurassic Park Park Veterinarian. Gerry Harding
34%
Jurassic Park III Hired man. Nash
34%
The Lost World Hunter. Roland Tembo
32%
Jurassic Park III Paleobotanist's son. Charlie
29%
The Lost World Expedition Member. Dieter Stark
29%
Fallen Kingdom Millionare. Benjamin Lockwood
28%
Fallen Kingdom Employee of the Millionare. Eli Mills
25%
Fallen Kingdom Clone. Maisie Lockwood
25%
The Lost World Assistant Hunter. Ajay Sidhu
24%
The Lost World Expedition Member. Carter
23%
Jurassic Park III Paleobotanist's husband. Mark
21%
The Lost World InGen Paleontologist. Robert Burke
21%
Jurassic World ACU leader. Hamada
20%
Jurassic Park Employee killed while unloading a Velociraptor. Jophrey Brown
19%
Jurassic World A mom. Karen Mitchell
18%
Fallen Kingdom Paleoveterinarian and DPG member. Zia Rodriquez
18%
Jurassic World ACU. Lee
17%
Fallen Kingdom Computer expert and DPG member. Franklin Webb
15%
Jurassic Park Chef. Alejandro
14%
Fallen Kingdom Mercenary. Ken Wheatley
14%
Jurassic World Park employee. Vivian
14%
The Lost World Boat Captain Carlos
13%
The Lost World Little girl attacked by Compys. Cathy Bowman
13%
Fallen Kingdom Mercenary. Jack
11%
Fallen Kingdom Auctioneer. Gunnar Eversol
10%
Jurassic Park Amber Miner. Juanito Rostagno
10%
Jurassic World A dad. Scott Mitchell
10%
Jurassic World Sponsor. Jim Drucker
9%
Jurassic World Gyrosphere operator. Josh
8%
Jurassic World ACU. Craig
7%
Jurassic Park III Boat captain. Enrique Cardoso
6%
Fallen Kingdom Employee of the Millionare. Iris
6%
Jurassic World ACU. Spears
6%
Jurassic World Raptor handler. Leon
5%
Jurassic World Park employee. Lowrey
5%
The Lost World Guard. Berner
4%
Fallen Kingdom Congresswoman. Delgado
4%
The Lost World Venture captain. D.Thompson
4%
Jurassic World Sponsor. Hal Ostery
4%
The Lost World Guard. Jerry Randall
4%
Jurassic World InGen mercenary. T. Alexander
4%
Jurassic World ACU. Austin
3%
Jurassic World Petting zoo worker. Emily
3%
Jurassic World Sponsor. Erica Brand
3%
Jurassic Park III Editor. Tom
3%
Fallen Kingdom Bidder. Anton Orlov
2%
Jurassic Park III Digger. Cheryl
2%
Fallen Kingdom Mercenary. Dan
2%
Jurassic World ACU. Miller
2%
Jurassic World Handler. Elias
1%
Jurassic World Visitor. Gabriella
1%
Jurassic World InGen mercenary. G.Batoon
1%
Jurassic Park III Secretary. Hannah
1%
Fallen Kingdom Friend of a bidder. Janet
1%
Jurassic World InGen mercenary. J. Levin
1%
Jurassic World InGen mercenary. J. Sutherland
1%
Jurassic World ACU. Meyers
1%
The Lost World InGen board member. Nicholas
1%
Jurassic World Geneticist. Roy Harper
1%
Fallen Kingdom Senator Sherwood
1%
Jurassic World Visitor. Adelina
0%
Fallen Kingdom Bidder. Glenn
0%
Fallen Kingdom Bidder. Gregor Aldrich
0%
The Lost World Security chief. Hampton
0%
Fallen Kingdom Bidder. Rand Magnus
0%
No matching quizzes found
Score Distribution
Percent of People with Each Score
Percentile by Number Answered
Your Score History
You have not taken this quiz since the last reset